000 00391nam a2200133Ia 4500
008 100328s9999 xx 000 0 und d
082 _b22864
100 _aभावे पु.भा.
245 _aरखमाच्या मुली
260 _bमेनका
630 _aरखमाच्या मुली
730 _aरखमाच्या मुली
942 _cBOOK
999 _c516687
_d516684